[Event "BL 1920 SG Solingen - SG Turm Kiel"]
[Site "?"]
[Date "2020.02.22"]
[Round "7.6"]
[White "Van Wely, Loek"]
[Black "Hector, Jonny"]
[Result "1-0"]
[WhiteElo "2609"]
[BlackElo "2483"]
[PlyCount "143"]
[EventDate "2020.??.??"]

1. Nf3 d5 2. g3 Nd7 3. d4 Nb6 4. Bg2 Bf5 5. b3 c6 6. Ba3 Nf6 7. O-O e6 8. Bxf8
Kxf8 9. Nbd2 h6 10. e3 Nbd7 11. c4 g5 12. Qc1 Kg7 13. Qc3 Ne4 14. Nxe4 Bxe4 15.
Nd2 Bxg2 16. Kxg2 f5 17. f3 Rf8 18. e4 fxe4 19. fxe4 Qe7 20. exd5 Rxf1 21. d6
Qxd6 22. Rxf1 Rf8 23. Ne4 Qe7 24. d5+ e5 25. Rd1 g4 26. Kg1 Qf7 27. Qe3 cxd5
28. cxd5 Qg6 29. d6 Rf3 30. Qe2 h5 31. Nc5 Nxc5 32. Qxe5+ Kh6 33. Qxc5 Rd3 34.
Qc1+ Kg7 35. Qb1 Rxd6 36. Qxg6+ Rxg6 37. Rd7+ Kh6 38. Rxb7 Rc6 39. Rf7 a5 40.
Kg2 Kg6 41. Rf4 Rc2+ 42. Rf2 Rc3 43. Kf1 a4 44. Rb2 Kf5 45. Ke1 Ke4 46. Kd2 Rf3
47. bxa4 Ra3 48. Kc2 Rxa4 49. Kb3 Ra8 50. a4 Kd3 51. Kb4 Rb8+ 52. Ka3 Ra8 53.
Rb5 Kc4 54. Rxh5 Rf8 55. Rb5 Rf3+ 56. Ka2 Rf2+ 57. Rb2 Rf3 58. Re2 Kb4 59. Re4+
Kc3 60. a5 Rf5 61. Re3+ Kb4 62. a6 Ra5+ 63. Kb2 Rxa6 64. Re4+ Kc5 65. Rxg4 Kd5
66. h4 Ke5 67. Kc3 Kf5 68. Rg5+ Ke4 69. h5 Rd6 70. g4 Rd3+ 71. Kc4 Rh3 72. Kc5
1-0

[Event "BL 1920 SG Solingen - SG Turm Kiel"]
[Site "?"]
[Date "2020.02.22"]
[Round "7.7"]
[White "Parvanyan, Ashot"]
[Black "Naumann, Alexander"]
[Result "1/2-1/2"]
[WhiteElo "2451"]
[BlackElo "2541"]
[PlyCount "40"]
[EventDate "2020.??.??"]

1. Nf3 Nf6 2. c4 g6 3. Nc3 d5 4. cxd5 Nxd5 5. h4 Nxc3 6. bxc3 Bg7 7. Qa4+ Qd7
8. Qf4 Qd6 9. d4 Nc6 10. Qxd6 cxd6 11. e3 Bf5 12. Ba3 Rc8 13. Nd2 Na5 14. Rc1
O-O 15. Be2 Rc7 16. O-O Rfc8 17. Bb4 Nc6 18. Ba3 Na5 19. Bb4 Nc6 20. Ba3 Na5
1/2-1/2

[Event "BL 1920 SG Solingen - SG Turm Kiel"]
[Site "?"]
[Date "2020.02.22"]
[Round "7.8"]
[White "Handke, Florian"]
[Black "Pajeken, Jakob Leon"]
[Result "1-0"]
[WhiteElo "2530"]
[BlackElo "2352"]
[PlyCount "79"]
[EventDate "2020.??.??"]

1. e4 e5 2. Nf3 Nc6 3. Bb5 a6 4. Ba4 Nf6 5. O-O Be7 6. d3 b5 7. Bb3 d6 8. Bd2
O-O 9. h3 Bb7 10. Re1 Nb8 11. Nc3 Nbd7 12. a3 c5 13. Ba2 Rc8 14. Ne2 c4 15. Ng3
Nc5 16. Bg5 cxd3 17. cxd3 h6 18. Be3 Nh7 19. Nf5 Ne6 20. Bb6 Qd7 21. d4 exd4
22. N3xd4 Bd8 23. Nxe6 fxe6 24. Qg4 d5 25. Nxh6+ Kh8 26. Bxd8 Rcxd8 27. exd5
Bxd5 28. Bxd5 Qxd5 29. Rad1 Qa8 30. Rxe6 gxh6 31. Rxh6 Rxd1+ 32. Qxd1 Qa7 33.
Qc2 Rf6 34. Rh4 Qe7 35. Qc3 Kg8 36. Rg4+ Kf7 37. Qg3 Ke8 38. Qb8+ Kd7 39. Qb7+
Kd8 40. Rd4+ 1-0

[Event "BL 1920 SV Hockenheim - BCA Augsburg"]
[Site "?"]
[Date "2020.02.22"]
[Round "7.1"]
[White "Nestorovic, Nikola"]
[Black "Fedoseev, Vladimir"]
[Result "1/2-1/2"]
[WhiteElo "2469"]
[BlackElo "2671"]
[PlyCount "92"]
[EventDate "2020.??.??"]

1. e4 c5 2. Nf3 d6 3. d4 cxd4 4. Nxd4 Nf6 5. Nc3 a6 6. Be2 e5 7. Nb3 Be7 8. Be3
Be6 9. Qd3 Nbd7 10. O-O Nb6 11. Na5 Qc7 12. Bxb6 Qxb6 13. Nc4 Qc5 14. Ne3 Rc8
15. Rfd1 g6 16. a3 O-O 17. Na2 Qb6 18. b3 Qc5 19. Nb4 a5 20. Nbd5 Nxd5 21. Nxd5
Bxd5 22. Qxd5 Qxd5 23. Rxd5 Rxc2 24. Bd1 Rb2 25. Rxa5 Rc8 26. Rb5 Rc7 27. b4
Bh4 28. g3 Bg5 29. Rd5 Rc6 30. Rd3 Bd8 31. Bb3 Bb6 32. Rf1 Bd4 33. Bd5 Rc7 34.
g4 Kg7 35. Rf3 f6 36. h4 Rbc2 37. Kg2 b5 38. g5 fxg5 39. hxg5 Bb2 40. Rf6 Rd7
41. Be6 Rdc7 42. Bd5 Rd7 43. Be6 Re7 44. Bd5 Bxa3 45. Rxd6 Bc1 46. Rd8 Bxg5
1/2-1/2

[Event "BL 1920 SV Hockenheim - BCA Augsburg"]
[Site "?"]
[Date "2020.02.22"]
[Round "7.3"]
[White "Stankovic, Milos"]
[Black "Inarkiev, Ernesto"]
[Result "0-1"]
[WhiteElo "2458"]
[BlackElo "2658"]
[PlyCount "82"]
[EventDate "2020.??.??"]

1. e4 e5 2. Nf3 Nc6 3. Bc4 Nf6 4. d3 Bc5 5. c3 d6 6. Bb3 h6 7. h3 a5 8. O-O O-O
9. Bc2 Ba7 10. Be3 Bxe3 11. fxe3 g6 12. Nbd2 Kg7 13. Qe1 Qe7 14. d4 b6 15. Bd3
Bb7 16. a3 a4 17. Qg3 Nh5 18. Qh2 Ba6 19. Bxa6 Rxa6 20. g4 Nf6 21. Qe2 Raa8 22.
Rf2 Rae8 23. Re1 Nd8 24. Qc4 Qd7 25. Ref1 exd4 26. Qxd4 c5 27. Qc4 d5 28. Qa6
dxe4 29. Nh4 Re6 30. Rxf6 Qxd2 31. R6f2 Qxe3 32. Ng2 Qxh3 33. Qxa4 Qxg4 34. Rf4
Qg3 35. Rxe4 b5 36. Qc2 Rfe8 37. Rxe6 Nxe6 38. Qe4 Rd8 39. Qe2 Ng5 40. Kh1 Rd3
41. Nf4 Nf3 0-1

[Event "BL 1920 SV Hockenheim - BCA Augsburg"]
[Site "?"]
[Date "2020.02.22"]
[Round "7.4"]
[White "Saric, Ivan"]
[Black "Arnaudov, G. Petar"]
[Result "1-0"]
[WhiteElo "2646"]
[BlackElo "2473"]
[PlyCount "83"]
[EventDate "2020.??.??"]

1. e4 c6 2. d4 d5 3. e5 Bf5 4. Nf3 e6 5. Be2 Ne7 6. O-O Ng6 7. Re1 Nd7 8. h3
Nh4 9. Nh2 Bg6 10. g3 Nf5 11. h4 h5 12. Nf3 Be7 13. c3 c5 14. Na3 cxd4 15. cxd4
a6 16. Nc2 Rc8 17. Bd3 Qb6 18. Bg5 Bxg5 19. Nxg5 Nb8 20. Rc1 Nc6 21. Ne3 Nfxd4
22. Bxg6 fxg6 23. Qd3 Rh6 24. Nc2 Nxc2 25. Rxc2 Kd7 26. Qa3 Qc7 27. Nf7 Rh7 28.
Rec1 Qb8 29. Nd6 Rhh8 30. Nxc8 Rxc8 31. f4 Ke8 32. Qc5 Qc7 33. b4 Rd8 34. a4
Qd7 35. b5 axb5 36. axb5 Na5 37. Rd1 Qe7 38. Qxe7+ Kxe7 39. Rc7+ Rd7 40. Rxd7+
Kxd7 41. Kf2 Kc7 42. g4 1-0

[Event "BL 1920 SV Hockenheim - BCA Augsburg"]
[Site "?"]
[Date "2020.02.22"]
[Round "7.5"]
[White "Pitl, Gregory"]
[Black "Braun, Arik"]
[Result "0-1"]
[WhiteElo "2376"]
[BlackElo "2609"]
[PlyCount "92"]
[EventDate "2020.??.??"]

1. e4 c5 2. Nf3 e6 3. d4 cxd4 4. Nxd4 a6 5. c4 Nf6 6. Nc3 Qc7 7. a3 b6 8. Be3
Bb7 9. f3 Be7 10. Rc1 O-O 11. b4 d6 12. Be2 Nbd7 13. O-O Rfc8 14. Qd2 Qd8 15.
Rfd1 Rab8 16. Bf1 Ba8 17. Qf2 Kh8 18. Kh1 Qg8 19. Qg3 h6 20. h4 Bd8 21. Qh3 Ne5
22. Na4 Qe8 23. b5 h5 24. Qg3 Bc7 25. Bf4 Rd8 26. Bxe5 dxe5 27. Nc2 Bb7 28. Qf2
Rxd1 29. Rxd1 Qe7 30. c5 axb5 31. Nxb6 Bxe4 32. Nb4 Bb7 33. Bxb5 e4 34. Nc6
Bxc6 35. Bxc6 exf3 36. gxf3 e5 37. Be4 Qe6 38. Kh2 Bxb6 39. cxb6 Nxe4 40. fxe4
Rxb6 41. Rd8+ Kh7 42. Qf5+ Qxf5 43. exf5 Ra6 44. Rd3 g6 45. fxg6+ Kxg6 46. Kg3
f5 0-1

[Event "BL 1920 SV Hockenheim - BCA Augsburg"]
[Site "?"]
[Date "2020.02.22"]
[Round "7.6"]
[White "Buhmann, Rainer"]
[Black "Zeller, Frank"]
[Result "1/2-1/2"]
[WhiteElo "2579"]
[BlackElo "2355"]
[PlyCount "131"]
[EventDate "2020.??.??"]

1. Nf3 c5 2. c4 Nc6 3. d4 cxd4 4. Nxd4 Nf6 5. Nc3 e6 6. Bg5 Be7 7. e3 O-O 8.
Be2 h6 9. Bh4 b6 10. O-O Bb7 11. Rc1 Rc8 12. Ndb5 Ne8 13. Bg3 d6 14. Bf3 a6 15.
Nd4 Nf6 16. Qa4 d5 17. cxd5 Nxd4 18. Qxd4 Bc5 19. Qe5 exd5 20. Rcd1 Qd7 21. Qf4
Qe6 22. Na4 Be7 23. Qe5 b5 24. Nc3 Rfd8 25. Ne2 Bd6 26. Qd4 Rc4 27. Qb6 Qe7 28.
Bxd6 Rxd6 29. Qa7 Rd7 30. Nd4 g6 31. b3 Rc3 32. Rc1 Rxc1 33. Rxc1 Kg7 34. Qb6
Ne8 35. h3 Rc7 36. Rd1 Qc5 37. Qxc5 Rxc5 38. Kf1 b4 39. Ke1 a5 40. Kd2 Kf6 41.
Be2 Nd6 42. f3 Bc8 43. Ra1 Bd7 44. Bd3 g5 45. Rf1 h5 46. g4 Rc8 47. Be2 Ke5 48.
gxh5 Bxh3 49. Rc1 Rxc1 50. Kxc1 Nf5 51. Nc6+ Kd6 52. Nd4 Nxd4 53. exd4 Bf5 54.
Ba6 Bh7 55. Kd2 f5 56. Bd3 Ke6 57. Ke2 Kf6 58. f4 g4 59. Kf2 Bg8 60. Kg3 Bh7
61. Bb5 Bg8 62. Kh4 Be6 63. Bd3 Bd7 64. Ba6 Be6 65. Bb5 Bf7 66. Bd3 1/2-1/2

[Event "BL 1920 SV Hockenheim - BCA Augsburg"]
[Site "?"]
[Date "2020.02.22"]
[Round "7.7"]
[White "Rupprecht, Andreas"]
[Black "Baramidze, David"]
[Result "0-1"]
[WhiteElo "2386"]
[BlackElo "2597"]
[PlyCount "71"]
[EventDate "2020.??.??"]

1. e4 c5 2. c3 Nf6 3. e5 Nd5 4. Nf3 Nc6 5. d4 cxd4 6. cxd4 d6 7. Bc4 Nb6 8. Bb5
Bd7 9. Nc3 dxe5 10. dxe5 g6 11. Qe2 Bg7 12. O-O O-O 13. h3 Qc7 14. Bf4 a6 15.
Bd3 Be6 16. Rfd1 Rad8 17. Rac1 Nd5 18. Nxd5 Bxd5 19. b3 Bxf3 20. Qxf3 Qa5 21.
Be4 Rxd1+ 22. Rxd1 Nxe5 23. Bxe5 Bxe5 24. Bxb7 Qxa2 25. Bd5 e6 26. Bc4 a5 27.
Qe4 Qb2 28. g3 Rc8 29. Kg2 Bf6 30. Rd7 Qe5 31. Qxe5 Bxe5 32. Ra7 Bc3 33. Kf3
Rd8 34. Rb7 Rd2 35. Ke3 Rb2 36. f3 0-1

[Event "BL 1920 SV Hockenheim - BCA Augsburg"]
[Site "?"]
[Date "2020.02.22"]
[Round "7.8"]
[White "Banusz, Tamas"]
[Black "Pitl, Jarno"]
[Result "1-0"]
[WhiteElo "2624"]
[BlackElo "1990"]
[PlyCount "65"]
[EventDate "2020.??.??"]

1. Nf3 f5 2. d4 Nf6 3. g3 g6 4. Bg2 Bg7 5. O-O O-O 6. b3 d6 7. Bb2 a5 8. a3 Na6
9. c4 Rb8 10. Qc2 c6 11. Nbd2 Qc7 12. Rac1 Re8 13. Rfe1 e5 14. c5 e4 15. cxd6
Qxd6 16. Nc4 Qd5 17. Nfe5 Be6 18. Qd2 Nd7 19. Nd3 Nb6 20. Nf4 Nxc4 21. bxc4 Qd8
22. Nxe6 Rxe6 23. Qc2 Rd6 24. e3 Nc7 25. Bc3 Ne6 26. c5 Rd7 27. Rb1 Ng5 28. Qe2
b5 29. cxb6 c5 30. dxc5 Rd3 31. Bxg7 Kxg7 32. Qb2+ Kh6 33. c6 1-0

[Event "BL 1920 SG Speyer-Schwegenheim - FC Bay"]
[Site "?"]
[Date "2020.02.22"]
[Round "7.1"]
[White "Dragnev, Valentin"]
[Black "Oleksiyenko, Mykhaylo"]
[Result "1-0"]
[WhiteElo "2549"]
[BlackElo "2594"]
[PlyCount "83"]
[EventDate "2020.??.??"]

1. e4 c5 2. Nf3 Nc6 3. d4 cxd4 4. Nxd4 Nf6 5. Nc3 e5 6. Ndb5 d6 7. Nd5 Nxd5 8.
exd5 Nb8 9. a4 Be7 10. Be2 O-O 11. O-O Nd7 12. Bd2 f5 13. a5 a6 14. Na3 Nf6 15.
Bb4 f4 16. Nc4 e4 17. Nb6 Rb8 18. Nxc8 Rxc8 19. Bg4 Nxg4 20. Qxg4 Rxc2 21. Bc3
Rf7 22. Qd1 Rxc3 23. bxc3 Bf6 24. Ra4 f3 25. Rxe4 Bxc3 26. g3 Rf8 27. Re3 Qf6
28. Qa4 Qf5 29. Re8 Bd2 30. Rxf8+ Kxf8 31. Qa3 Ke7 32. Rd1 Qe4 33. Qb2 Be1 34.
Qxg7+ Ke8 35. Qh8+ Kf7 36. Qb2 Bb4 37. Qb1 Qe2 38. Qxh7+ Kf6 39. Qh6+ Ke7 40.
Qh7+ Kd8 41. Rf1 Kc8 42. Rb1 1-0

[Event "BL 1920 SG Speyer-Schwegenheim - FC Bay"]
[Site "?"]
[Date "2020.02.22"]
[Round "7.2"]
[White "Abasov, Nijat"]
[Black "Georgiadis, Nico"]
[Result "1/2-1/2"]
[WhiteElo "2670"]
[BlackElo "2546"]
[PlyCount "57"]
[EventDate "2020.??.??"]

1. Nf3 d5 2. e3 Nf6 3. c4 e6 4. Nc3 c5 5. cxd5 exd5 6. d4 a6 7. g3 Nc6 8. Bg2
Be7 9. O-O O-O 10. dxc5 Bxc5 11. b3 Re8 12. Bb2 Bg4 13. h3 Bf5 14. Ne2 Rc8 15.
Nf4 Be4 16. Rc1 Ba7 17. Qd2 Bxf3 18. Bxf3 Ne4 19. Bxe4 dxe4 20. Rfd1 Qxd2 21.
Rxd2 Ne5 22. Kg2 Rxc1 23. Bxc1 h6 24. Ba3 Rc8 25. Nd5 Kh7 26. Ne7 Rc7 27. Nd5
Rc8 28. Ne7 Rc7 29. Nd5 1/2-1/2

[Event "BL 1920 SG Speyer-Schwegenheim - FC Bay"]
[Site "?"]
[Date "2020.02.22"]
[Round "7.3"]
[White "Studer, Noel"]
[Black "Neiksans, Arturs"]
[Result "1/2-1/2"]
[WhiteElo "2546"]
[BlackElo "2560"]
[PlyCount "49"]
[EventDate "2020.??.??"]

1. d4 Nf6 2. c4 e6 3. Nf3 b6 4. g3 Bb7 5. Bg2 Bb4+ 6. Bd2 a5 7. O-O O-O 8. Bf4
Be7 9. Re1 Na6 10. Nc3 Ne4 11. Nd2 Nxc3 12. bxc3 Bxg2 13. Kxg2 g5 14. Be3 d5
15. f3 c5 16. Qb3 cxd4 17. cxd4 Nb4 18. a3 dxc4 19. Nxc4 b5 20. Nxa5 Qxa5 21.
Bd2 Qa4 22. Qxa4 Rxa4 23. axb4 Bxb4 24. Bxb4 Rxb4 25. Rab1 1/2-1/2

[Event "BL 1920 SG Speyer-Schwegenheim - FC Bay"]
[Site "?"]
[Date "2020.02.22"]
[Round "7.4"]
[White "Meshkovs, Nikita"]
[Black "Bischoff, Klaus"]
[Result "1-0"]
[WhiteElo "2566"]
[BlackElo "2510"]
[PlyCount "103"]
[EventDate "2020.??.??"]

1. Nf3 Nf6 2. d4 e6 3. g3 d5 4. Bg2 b5 5. a4 b4 6. c4 bxc3 7. Nxc3 Be7 8. Bf4
c6 9. a5 O-O 10. O-O Nh5 11. Bd2 Nf6 12. Ne5 Nfd7 13. Nd3 Na6 14. e4 Nc7 15.
Bf4 Ba6 16. Re1 Nb5 17. Na2 Nd6 18. Ndb4 Bb5 19. exd5 cxd5 20. Nc3 Nf6 21. Bxd5
exd5 22. Nxb5 Nxb5 23. Nc6 Qd7 24. Nxe7+ Kh8 25. Rc1 Rae8 26. Nc6 Qh3 27. Rxe8
Rxe8 28. Qf1 Qxf1+ 29. Kxf1 h6 30. f3 a6 31. Kf2 Kh7 32. Be3 Rc8 33. Ke2 g5 34.
Kd3 g4 35. Ne5 Rxc1 36. Bxc1 gxf3 37. Nxf3 Ne4 38. Ne5 Kg7 39. Be3 Ned6 40. Bd2
h5 41. b3 Ne4 42. Be3 Na7 43. Bd2 f6 44. Nd7 Nc6 45. Nb6 h4 46. Be1 Nxg3 47.
Nxd5 Nf5 48. b4 Nfxd4 49. Bxh4 Nf3 50. Bg3 Ng5 51. Kc4 Ne4 52. Nc7 1-0

[Event "BL 1920 SG Speyer-Schwegenheim - FC Bay"]
[Site "?"]
[Date "2020.02.22"]
[Round "7.5"]
[White "Johansson, Linus"]
[Black "Pavlidis, Antonios"]
[Result "0-1"]
[WhiteElo "2476"]
[BlackElo "2544"]
[PlyCount "78"]
[EventDate "2020.??.??"]

1. d4 d5 2. c4 dxc4 3. e4 Nc6 4. Nf3 Bg4 5. Be3 Nf6 6. Nc3 e6 7. Bxc4 Bb4 8.
Qc2 O-O 9. O-O-O Bxc3 10. bxc3 Qe7 11. h3 Bxf3 12. gxf3 b5 13. Bd3 b4 14. c4 e5
15. dxe5 Nxe5 16. Be2 Nc6 17. c5 Rab8 18. Rhg1 Rfd8 19. Qb2 Kf8 20. Kb1 a5 21.
Qb3 h6 22. Rxd8+ Rxd8 23. Rd1 Rb8 24. Qa4 Qe6 25. Bb5 Ne5 26. Qxa5 Nxf3 27.
Qxc7 Rxb5 28. Rd8+ Ne8 29. Qd6+ Qe7 30. Rc8 Ng5 31. e5 Ne4 32. Rxe8+ Kxe8 33.
Qc6+ Qd7 34. Qxe4 b3 35. a4 Rb4 36. Qa8+ Ke7 37. Kb2 Rxa4 38. c6 Rxa8 39. cxd7
Rb8 0-1

[Event "BL 1920 SG Speyer-Schwegenheim - FC Bay"]
[Site "?"]
[Date "2020.02.22"]
[Round "7.6"]
[White "Shytaj, Luca"]
[Black "Fedorovsky, Michael"]
[Result "1/2-1/2"]
[WhiteElo "2480"]
[BlackElo "2415"]
[PlyCount "88"]
[EventDate "2020.??.??"]

1. e4 c5 2. Nc3 g6 3. h4 h5 4. d4 cxd4 5. Qxd4 Nf6 6. Bg5 Nc6 7. Qd2 Bg7 8. Bc4
d6 9. Nh3 Bd7 10. Bb3 Rc8 11. O-O-O Na5 12. Rhe1 O-O 13. Kb1 b5 14. Bh6 Nc4 15.
Bxc4 Rxc4 16. Bxg7 Kxg7 17. Ng5 Qc7 18. Rc1 b4 19. Nd1 Qc5 20. f3 Qd4 21. Qe2
Rfc8 22. Ne3 R4c5 23. Qf2 Qe5 24. Rcd1 Ra5 25. Qd2 Qb5 26. Qd3 Qa4 27. Qb3 Qxb3
28. cxb3 Rac5 29. Rd4 a5 30. Nc4 R8c7 31. Ne3 Bb5 32. a3 bxa3 33. bxa3 Bd7 34.
Kb2 Be6 35. Nxe6+ fxe6 36. Rc4 Nd7 37. Rd1 Rb7 38. Ka2 Rcb5 39. Rb1 Nc5 40. Rc3
Na4 41. Rc4 Nc5 42. Rc3 Na4 43. Rc4 Nc5 44. Rc3 Na4 1/2-1/2

[Event "BL 1920 SG Speyer-Schwegenheim - FC Bay"]
[Site "?"]
[Date "2020.02.22"]
[Round "7.7"]
[White "Lindgren, Philip"]
[Black "Boguslawski, Oleg"]
[Result "1/2-1/2"]
[WhiteElo "2362"]
[BlackElo "2390"]
[PlyCount "112"]
[EventDate "2020.??.??"]

1. d4 f5 2. Nf3 Nf6 3. g3 e6 4. Bg2 d5 5. O-O Bd6 6. c4 O-O 7. Nc3 c6 8. Qc2
Bd7 9. Rb1 Be8 10. Ne5 Nbd7 11. f4 Ne4 12. b4 Ndf6 13. c5 Bc7 14. Bd2 a6 15. a4
Nxc3 16. Qxc3 Ne4 17. Bxe4 dxe4 18. Qc4 Qd5 19. Qxd5 exd5 20. Bc3 Rd8 21. Rfd1
h6 22. Kf2 g5 23. Ke3 Kg7 24. h3 Kf6 25. Rg1 Ke6 26. Rbf1 Bxe5 27. dxe5 Bg6 28.
fxg5 hxg5 29. h4 g4 30. Bd4 Ra8 31. Rh1 Rh8 32. Kf4 Rh5 33. Rb1 Be8 34. Rb2 Bd7
35. Rhb1 Rh7 36. Rb3 Be8 37. Rh1 Rh8 38. Rb2 Rh5 39. Rd1 Rh8 40. Rdb1 Rh7 41.
Ke3 Bd7 42. Rf1 Rf8 43. Rbb1 Rh5 44. Bc3 f4+ 45. Rxf4 Rxf4 46. Kxf4 Rf5+ 47.
Ke3 Be8 48. Bd4 Bd7 49. Rh1 Be8 50. Kd2 Ke7 51. Ke1 Ke6 52. Rf1 Rxf1+ 53. Kxf1
e3 54. Ke1 Kf5 55. Bxe3 Kxe5 56. Kd2 Ke4 1/2-1/2

[Event "BL 1920 SG Speyer-Schwegenheim - FC Bay"]
[Site "?"]
[Date "2020.02.22"]
[Round "7.8"]
[White "Bodrozic, Tomislav"]
[Black "Rafiee, Makan"]
[Result "0-1"]
[WhiteElo "2364"]
[BlackElo "2326"]
[PlyCount "80"]
[EventDate "2020.??.??"]

1. e4 e5 2. Nf3 Nc6 3. d4 exd4 4. Nxd4 Nf6 5. Nxc6 bxc6 6. e5 Qe7 7. Qe2 Nd5 8.
c4 Ba6 9. Nd2 g6 10. Nf3 Qb4+ 11. Kd1 Ne7 12. b3 Bg7 13. Bb2 O-O 14. Qd2 Qb6
15. Kc2 Rad8 16. Bd3 c5 17. Rae1 Nc6 18. Kb1 Nb4 19. Be4 d5 20. exd6 Rxd6 21.
Qe2 Bxb2 22. Qxb2 Rfd8 23. Qc3 Qa5 24. a4 Qb6 25. Re3 Bb7 26. Rhe1 Bxe4+ 27.
Rxe4 Qc6 28. Qe3 Rd1+ 29. Rxd1 Rxd1+ 30. Kb2 Qf6+ 31. Ne5 Qd6 32. Nf3 Rb1+ 33.
Kxb1 Qd1+ 34. Qc1 Qxb3+ 35. Qb2 Qd3+ 36. Ka1 Qxe4 37. Qe5 Qxc4 38. Qe8+ Kg7 39.
Qe5+ f6 40. Qe7+ Kh6 0-1

[Event "BL 1920 SV Werder Bremen - Schachfreund"]
[Site "?"]
[Date "2020.02.22"]
[Round "7.1"]
[White "Leko, Peter"]
[Black "Fressinet, Laurent"]
[Result "1/2-1/2"]
[WhiteElo "2663"]
[BlackElo "2633"]
[PlyCount "70"]
[EventDate "2020.??.??"]

1. d4 Nf6 2. c4 e6 3. g3 Bb4+ 4. Bd2 Be7 5. Bg2 d5 6. Nf3 O-O 7. O-O Nbd7 8.
Qc2 c6 9. Rd1 b6 10. Bf4 Bb7 11. Ne5 Nh5 12. Bd2 Nhf6 13. cxd5 cxd5 14. Nc6
Bxc6 15. Qxc6 Qc8 16. Qxc8 Rfxc8 17. Nc3 a6 18. a4 b5 19. axb5 axb5 20. e3 b4
21. Na2 Rc2 22. Bxb4 Bxb4 23. Nxb4 Rxa1 24. Rxa1 Rxb2 25. Ra8+ Nf8 26. Nd3 Rb7
27. Nc5 Rc7 28. Bh3 Re7 29. Bf1 g6 30. Bb5 Kg7 31. Kg2 Rc7 32. h4 h5 33. Ra6
N8d7 34. Bxd7 Nxd7 35. Nxd7 Rxd7 1/2-1/2

[Event "BL 1920 SV Werder Bremen - Schachfreund"]
[Site "?"]
[Date "2020.02.22"]
[Round "7.3"]
[White "Heimann, Andreas"]
[Black "Nabaty, Tamir"]
[Result "1/2-1/2"]
[WhiteElo "2627"]
[BlackElo "2650"]
[PlyCount "46"]
[EventDate "2020.??.??"]

1. e4 e5 2. Nf3 Nc6 3. d4 exd4 4. Nxd4 Nf6 5. Nc3 Bb4 6. Nxc6 bxc6 7. Bd3 d5 8.
exd5 O-O 9. O-O Bg4 10. f3 Bh5 11. Bg5 Qd6 12. Bxf6 Qxf6 13. Ne4 Qxb2 14. Rb1
Qd4+ 15. Kh1 Bg6 16. dxc6 a5 17. Qe2 Qd5 18. c3 Ba3 19. Rb3 Bd6 20. Bc4 Qxc6
21. Bb5 Qb7 22. Nxd6 cxd6 23. Qd2 Qc7 1/2-1/2

[Event "BL 1920 SV Werder Bremen - Schachfreund"]
[Site "?"]
[Date "2020.02.22"]
[Round "7.4"]
[White "Edouard, Romain"]
[Black "Meier, Georg"]
[Result "1/2-1/2"]
[WhiteElo "2645"]
[BlackElo "2622"]
[PlyCount "119"]
[EventDate "2020.??.??"]

1. c4 Nf6 2. Nc3 e6 3. d4 Bb4 4. Nf3 Bxc3+ 5. bxc3 d6 6. Nd2 e5 7. e4 Nc6 8. d5
Ne7 9. g3 O-O 10. Bg2 Nd7 11. O-O h6 12. Kh1 b6 13. f4 Ba6 14. f5 f6 15. g4 Kf7
16. h4 Rh8 17. Rf3 Nc5 18. Rh3 Qd7 19. a4 c6 20. Ba3 Nb7 21. a5 Qc7 22. Qf3
Nxa5 23. g5 hxg5 24. hxg5 Raf8 25. Bb4 c5 26. Bxa5 bxa5 27. Kg1 Ke8 28. Nb3 Qb6
29. Nxa5 Qb2 30. Rd1 fxg5 31. Rg3 Ng6 32. Rxg5 Nf4 33. Rxg7 Rf7 34. Rg4 Ne2+
35. Kf1 Nxc3 36. Re1 Qb4 37. Nc6 Bxc4+ 38. Kg1 Qb2 39. Qg3 Kf8 40. Bf3 Nb5 41.
Nd8 Nd4 42. Ne6+ Ke7 43. Bd1 Qd2 44. f6+ Kxf6 45. Rf4+ Qxf4 46. Nxf4 exf4 47.
Qxf4+ Ke7 48. Qg5+ Kd7 49. Bg4+ Kc7 50. Ra1 a6 51. e5 Bxd5 52. exd6+ Kxd6 53.
Rxa6+ Nc6 54. Bh5 Rg8 55. Qxg8 Rf1+ 56. Kxf1 Bxg8 57. Kf2 c4 58. Ke3 Bd5 59.
Kd2 Kc5 60. Kc3 1/2-1/2

[Event "BL 1920 SV Werder Bremen - Schachfreund"]
[Site "?"]
[Date "2020.02.22"]
[Round "7.5"]
[White "Bluebaum, Matthias"]
[Black "Van Foreest, Lucas"]
[Result "1-0"]
[WhiteElo "2651"]
[BlackElo "2545"]
[PlyCount "49"]
[EventDate "2020.??.??"]

1. d4 Nf6 2. Nf3 d5 3. Bf4 c5 4. e3 Nc6 5. Nbd2 e6 6. c3 Nh5 7. Bg5 f6 8. Bh4
g6 9. Bd3 cxd4 10. cxd4 Be7 11. O-O O-O 12. Rc1 Bd7 13. a3 Ng7 14. Nb3 Nf5 15.
Bxf5 gxf5 16. Nc5 Bxc5 17. Rxc5 b6 18. Rc3 Na5 19. Ne5 Bb5 20. e4 Qe7 21. Rg3+
Kh8 22. Qh5 Be8 23. Qh6 Nc6 24. Nxc6 Bxc6 25. e5 1-0

[Event "BL 1920 SV Werder Bremen - Schachfreund"]
[Site "?"]
[Date "2020.02.22"]
[Round "7.6"]
[White "Spoelman, Wouter"]
[Black "Donchenko, Alexander"]
[Result "1/2-1/2"]
[WhiteElo "2578"]
[BlackElo "2650"]
[PlyCount "53"]
[EventDate "2020.??.??"]

1. Nf3 d5 2. g3 g6 3. Bg2 Bg7 4. d4 Nf6 5. O-O O-O 6. Nbd2 Nbd7 7. c4 c6 8. b3
Ne4 9. Bb2 Ndf6 10. Ne5 Bf5 11. e3 Qa5 12. Nxe4 Nxe4 13. f3 Nf6 14. g4 Bc8 15.
Qe1 Qb6 16. Rc1 Nd7 17. cxd5 cxd5 18. Nd3 Re8 19. Qb4 Nb8 20. Qxb6 axb6 21. a4
Nc6 22. h3 Bd7 23. f4 e6 24. Ne5 Nxe5 25. fxe5 Rec8 26. Rxc8+ Rxc8 27. Rc1
1/2-1/2

[Event "BL 1920 SV Werder Bremen - Schachfreund"]
[Site "?"]
[Date "2020.02.22"]
[Round "7.8"]
[White "Reuker, Jari"]
[Black "Kollars, Dmitrij"]
[Result "1/2-1/2"]
[WhiteElo "2385"]
[BlackElo "2593"]
[PlyCount "95"]
[EventDate "2020.??.??"]

1. d4 Nf6 2. c4 e6 3. Nc3 Bb4 4. e3 O-O 5. Nf3 c5 6. Bd2 cxd4 7. exd4 d5 8.
cxd5 exd5 9. Be2 Nc6 10. a3 Bxc3 11. Bxc3 Ne4 12. Rc1 Re8 13. O-O Bg4 14. h3
Bh5 15. Re1 Qb6 16. Qd3 Re6 17. g4 Bg6 18. Qb5 Qd8 19. Bf1 h5 20. Bg2 hxg4 21.
hxg4 Qd7 22. Re3 Rae8 23. Rce1 a6 24. Qb3 Nxc3 25. bxc3 Na5 26. Qb4 Nc6 27. Qb3
Rxe3 28. Rxe3 Be4 29. Nh2 b5 30. Bxe4 Rxe4 31. Rxe4 dxe4 32. a4 Ne7 33. axb5
Qxb5 34. Qc2 Qd3 35. Qb3 Ng6 36. Nf1 Nh4 37. Qb8+ Kh7 38. Qh2 g5 39. Qc7 Nf3+
40. Kg2 Nh4+ 41. Kg1 Qf3 42. Ne3 a5 43. d5 a4 44. d6 a3 45. Qa7 Kg6 46. d7 Qh3
47. Qb6+ f6 48. Qxf6+ 1/2-1/2

[Event "BL 1920 USV TU Dresden - SC Viernheim"]
[Site "?"]
[Date "2020.02.23"]
[Round "8.1"]
[White "Malakhov, Vladimir"]
[Black "Almasi, Zoltan"]
[Result "1-0"]
[WhiteElo "2667"]
[BlackElo "2696"]
[PlyCount "171"]
[EventDate "2020.??.??"]

1. Nf3 Nf6 2. c4 b6 3. g3 c5 4. Bg2 Bb7 5. O-O g6 6. Nc3 Bg7 7. d4 cxd4 8. Qxd4
d6 9. Be3 Nbd7 10. Rac1 Rc8 11. b3 O-O 12. Qh4 a6 13. Rfd1 Rc7 14. g4 Rc8 15.
g5 Ne8 16. Bd4 Bxd4 17. Qxd4 Ng7 18. Bh3 Rc5 19. Ne4 Nf5 20. Bxf5 Rxf5 21. Ng3
Ra5 22. b4 Rxa2 23. Qe3 Ra4 24. c5 bxc5 25. bxc5 dxc5 26. Rxc5 e6 27. Qc3 Bd5
28. Rc7 Ra3 29. Qxa3 Qxc7 30. e4 Bc6 31. Qxa6 Bb7 32. Qb5 Bc6 33. Qc4 Rc8 34.
Qd4 Qf4 35. Kg2 e5 36. Qd6 Ba4 37. Rd3 Re8 38. Ra3 Re6 39. Qb4 Bd1 40. Ng1 Re8
41. Rd3 Bg4 42. Qa4 Qxg5 43. Rxd7 Bxd7 44. Qxd7 Qe7 45. Qb5 Rc8 46. Nf3 Rc5 47.
Qb6 Rc8 48. Nf1 Qc5 49. Qb1 f6 50. Ne3 Kg7 51. Nd5 Rf8 52. Qb3 Rf7 53. h3 Ra7
54. Nd2 Qd4 55. Qc2 f5 56. Nf3 Qxe4 57. Qc6 Rf7 58. Qd6 h6 59. Nc7 Kh7 60. Ne8
Qb7 61. Nf6+ Rxf6 62. Qxf6 e4 63. Ne5 e3+ 64. Kh2 Qg7 65. Qxg7+ Kxg7 66. fxe3
Kf6 67. Nf3 g5 68. Kg3 Kg6 69. Nd2 Kf6 70. Kf3 Ke5 71. Kg3 Kd5 72. h4 Ke5 73.
h5 Kd5 74. Nf3 Ke6 75. Ng1 Ke5 76. Nh3 Ke4 77. Nxg5+ Kxe3 78. Nf3 Ke4 79. Nh4
Ke5 80. Kf3 f4 81. Kg4 Ke4 82. Nf5 f3 83. Nxh6 f2 84. Nf5 f1=N 85. h6 Nh2+ 86.
Kh5 1-0